[Event "NED-ch U18 op"]
[Site "Hoogkerk"]
[Date "2024.04.28"]
[Round "2"]
[White "Bakija, Alan"]
[Black "Van Hesselingen, Guido"]
[Result "1-0"]
[WhiteElo "2101"]
[BlackElo "2016"]
[PlyCount "101"]
[EventDate "2024.04.27"]
[EventType "swiss"]
[EventRounds "7"]
[EventCountry "NED"]
[SourceTitle "CB19_2024"]
[SourceDate "2024.05.08"]
[SourceVersion "1"]
[SourceVersionDate "2024.05.08"]
[SourceQuality "1"]

1. Nf3 d5 2. g3 Nf6 3. Bg2 e6 4. 0-0 Be7 5. d4 0-0 6. c4 dxc4 7. Qc2 a6 8. a4 Bd7 9. Qxc4 Bc6 10. Bg5 Bd5 11. Qc2 Be4 12. Qc1 h6 13. Bxf6 Bxf6 14. Rd1 Nc6 15. Nbd2 Bxf3 16. Nxf3 Qe7 17. e3 e5 18. d5 Nb4 19. Nd2 c6 20. dxc6 Nxc6 21. Ne4 Rfd8 22. Qc5 Qe6 23. Qb6 Be7 24. Nc3 Rxd1+ 25. Rxd1 Nd8 26. Nd5 Bf8 27. Be4 Rc8 28. Qxe6 Nxe6 29. Nb6 Rd8 30. Rxd8 Nxd8 31. Nc4 f6 32. Bd5+ Kh7 33. Kf1 Bc5 34. Ke2 b6 35. Kd3 Kg6 36. Kc3 a5 37. Na3 Nf7 38. Bxf7+ Kxf7 39. Kc4 Ke6 40. Kb5 Kd5 41. Nc4 Ke4 42. Nxb6 Bb4 43. Nc4 Be1 44. Nxa5 Bxf2 45. Nc4 f5 46. a5 f4 47. gxf4 exf4 48. a6 fxe3 49. a7 e2 50. a8Q+ Kd4 51. Qa7+ 1-0

[Event "NED-ch U16"]
[Site "Almelo"]
[Date "2023.05.04"]
[Round "5"]
[White "Niemeijer, Leon"]
[Black "Van Hesselingen, Guido"]
[Result "0-1"]
[WhiteElo "1903"]
[BlackElo "1924"]
[PlyCount "53"]
[EventDate "2023.04.30"]
[EventType "swiss"]
[EventRounds "7"]
[EventCountry "NED"]
[SourceTitle "CBM 214 Extra"]
[Source "ChessBase"]
[SourceDate "2023.07.31"]
[SourceVersion "1"]
[SourceVersionDate "2023.07.31"]
[SourceQuality "1"]

1. d4 Nf6 2. c4 e6 3. g3 d5 4. Bg2 Be7 5. Nf3 0-0 6. 0-0 dxc4 7. Ne5 Nc6 8. Nxc6 bxc6 9. Bxc6 Rb8 10. Nc3 Bb7 11. Bxb7 Rxb7 12. e3 Nd5 13. Qe2 Nxc3 14. bxc3 Qd5 15. e4 Qb5 16. Qc2 c5 17. Ba3 cxd4 18. Bxe7 d3 19. Qb1 Qxb1 20. Rfxb1 Rxe7 21. Rb4 Rc8 22. Rab1 g6 23. f3 Kg7 24. Kf2 Rd7 25. Ke3 Kf6 26. Kd2 Rc6 27. R4b2 0-1

[Event "NED-ch U16"]
[Site "Almelo"]
[Date "2023.05.03"]
[Round "4"]
[White "Van Hesselingen, Guido"]
[Black "Smeets, Kobe"]
[Result "0-1"]
[WhiteElo "1924"]
[BlackElo "2094"]
[PlyCount "124"]
[EventDate "2023.04.30"]
[EventType "swiss"]
[EventRounds "7"]
[EventCountry "NED"]
[SourceTitle "CBM 214 Extra"]
[Source "ChessBase"]
[SourceDate "2023.07.31"]
[SourceVersion "1"]
[SourceVersionDate "2023.07.31"]
[SourceQuality "1"]

1. e4 c5 2. Nf3 e6 3. c3 Nf6 4. e5 Nd5 5. d4 cxd4 6. cxd4 d6 7. a3 Bd7 8. Bd3 Bc6 9. 0-0 Nd7 10. Re1 Be7 11. Nbd2 dxe5 12. dxe5 Nc5 13. Bc2 Nf4 14. Nc4 Qxd1 15. Rxd1 Ne2+ 16. Kh1 Nxc1 17. Raxc1 Rd8 18. Rd4 0-0 19. Rcd1 b5 20. Nd6 Bxd6 21. Rxd6 Bd5 22. Rxd8 Rxd8 23. b4 Nd7 24. Nd4 Rc8 25. f4 Nb6 26. Bb3 a6 27. f5 Nc4 28. fxe6 fxe6 29. Rc1 Rf8 30. Kg1 Rf4 31. Nf3 g5 32. h3 Bxf3 33. gxf3 Rxf3 34. Bxc4 bxc4 35. Kg2 Rf4 36. a4 Re4 37. Kf3 Rf4+ 38. Kg3 Rd4 39. b5 axb5 40. axb5 h5 41. Rc3 Rd5 42. b6 Rb5 43. Rxc4 Rxb6 44. h4 Rb3+ 45. Kg2 g4 46. Rc8+ Kg7 47. Rc7+ Kg6 48. Re7 Kf5 49. Rh7 Kf4 50. Rf7+ Kxe5 51. Rh7 Kf4 52. Rf7+ Ke4 53. Rf6 Ke5 54. Rh6 Kf5 55. Rxh5+ Kf4 56. Ra5 Rb2+ 57. Kf1 e5 58. Ra8 Kg3 59. h5 Rh2 60. Rh8 e4 61. Re8 Rxh5 62. Rxe4 Kf3 0-1

[Event "NED-ch U16"]
[Site "Almelo"]
[Date "2023.05.02"]
[Round "3"]
[White "Ritzerveld, Noah"]
[Black "Van Hesselingen, Guido"]
[Result "0-1"]
[WhiteElo "1776"]
[BlackElo "1924"]
[PlyCount "72"]
[EventDate "2023.04.30"]
[EventType "swiss"]
[EventRounds "7"]
[EventCountry "NED"]
[SourceTitle "CBM 214 Extra"]
[Source "ChessBase"]
[SourceDate "2023.07.31"]
[SourceVersion "1"]
[SourceVersionDate "2023.07.31"]
[SourceQuality "1"]

1. e4 e5 2. Nf3 Nc6 3. Bc4 Bc5 4. c3 Nf6 5. d4 exd4 6. e5 d5 7. Bb5 Ne4 8. cxd4 Bb6 9. Nc3 0-0 10. Be3 f5 11. exf6 Nxf6 12. Bxc6 bxc6 13. Ne5 Qd6 14. f4 c5 15. 0-0 cxd4 16. Bxd4 c5 17. Bf2 Ba6 18. Re1 Rad8 19. Qa4 Bb7 20. Nb5 Qb8 21. Nc3 Qc7 22. Nb5 Qc8 23. Nc3 Kh8 24. Rad1 Ng4 25. Nxg4 Qxg4 26. h3 Qg6 27. Re7 Bc6 28. Nb5 d4 29. g3 Rxf4 30. Rde1 Rdf8 31. R7e6 Rxf2 32. Rxg6 hxg6 33. a3 Rg2+ 34. Kh1 Rxg3+ 35. Kh2 Rg2+ 36. Kh1 Rg4+ 0-1